000 00608nam a2200193 i 4500
001 34981
003 ES-MaACL
005 20230906155030.0
007 t|
008 030211q19001999sp ||||1| spa d
100 1 _aBokanyi, Desider.
_929927
245 1 3 _aEl seguro obrero y los despidos en la URSS /
_cDesider Bokanyi, A. Isaev, E. Zelenskaya ; versión castellana de Alvaro Arauz.
260 _aMadrid :
_bEditorial Castro,
_c[19--?]
300 _a96 p. ;
_c19 cm.
700 1 _aIsaev, A.
_965529
700 1 _aZelenskaya, E.
_9118159
700 1 _aArauz, Alvaro.
_922366
852 _aES-MaACL
_j1792-F-2
999 _c34981
_d34981